All Lil Tjay Songs - Statistics

General Stats
  • This quiz has been taken 1,891 times
    666 since last reset
  • The average score is 35 of 79
Answer Stats
Album Song % Correct
F.N F.N
92%
Destined 2 Win Calling My Phone
73%
True 2 Myself Sex Sounds
72%
F.N Brothers
71%
True 2 Myself Brothers (Remix)
71%
F.N Leaked
71%
True 2 Myself Leaked (Remix)
71%
True 2 Myself One Take
65%
State of Emergency Zoo York
63%
True 2 Myself Hold On
62%
Single #13 Beat the Odds
61%
Destined 2 Win Move
61%
Destined 2 Win Run It Up
61%
F.N Ruthless
60%
Single #2 Resume
59%
F.N Goat
58%
Destined 2 Win Headshot
58%
Destined 2 Win Move On
57%
222 2 Grown
55%
222 Project Walls
54%
222 June 22nd
52%
Destined 2 Win Destined 2 Win
50%
F.N Laneswitch
50%
Destined 2 Win None of Your Love
50%
Single #6 20/20
49%
True 2 Myself Decline
49%
222 Foster Baby
49%
Single #11 In My Head
49%
Destined 2 Win Love Hurts
49%
222 Nobody
49%
222 Stressed
49%
222 Bla Bla
48%
State of Emergency Ice Cold
48%
222 Nightshift
48%
True 2 Myself Post to Be
48%
222 Beat the Odds Pt 2
46%
Single Long Time
46%
Destined 2 Win Born 2 Be Great
45%
Single #5 Go In
45%
True 2 Myself No Escape
45%
Destined 2 Win Losses
44%
True 2 Myself Dream That I Had
43%
True 2 Myself Mixed Emotions
43%
222 Scared 2 Be Lonely
43%
True 2 Myself Top of My Game
43%
Destined 2 Win Gang Gang
42%
222 Heart Felt Soul
41%
222 Hole in My Heart
41%
Destined 2 Win Hood Rich
41%
Destined 2 Win Slow Down
41%
222 Someone Who Cares
41%
Destined 2 Win What You Wanna Do
41%
State of Emergency My City
40%
Destined 2 Win Oh Well
40%
222 Forgot I Was the 1?
39%
222 Grateful
39%
Destined 2 Win Irregular Love
39%
Single #10 Not in the Mood
39%
Destined 2 Win Part of the Plan
39%
Destined 2 Win No Cap
38%
Destined 2 Win Nuf Said
38%
Single #15 Told Ya
37%
State of Emergency City on My Back
36%
No Comparison Pa$to
36%
State of Emergency Wet Em Up Pt. 2
36%
Destined 2 Win Go Crazy
35%
Destined 2 Win Life Changed
33%
State of Emergency Shoot for the Stars
33%
State of Emergency Gettin Lit
31%
Single #7 First Place
22%
No Comparison Bad to the Bone
21%
No Comparison Ready for War
21%
No Comparison Never Outside
18%
No Comparison New Year's Resolution
18%
FAST X (Original Motion Picture Soundtrack) Countin' On You
17%
Single #3 Ride for You
16%
Single #9 Dreams Unfold
13%
Single #12 24 Hrs
7%
Single #14 Give What You Want
6%
No matching quizzes found
Score Distribution
Percent of People with Each Score
Percentile by Number Answered
Your Score History
You have not taken this quiz since the last reset